000 00669nam a2200193 i 4500
001 102519
003 ES-MaACL
005 20260316165933.0
007 t|
008 051111s1922 fr ||||1| fre d
100 1 _aMerezhkovsky, Dmitry Sergeyevich.
_980486
245 1 3 _aLe mystère d'Alexandre I /
_cDimitry Merejkowsky ; traduit du russe par E. Halperine-Kaminsky.
260 _aCoulommiers :
_b[s.n.],
_c1922 (
_fP. Brodard)
300 _aIV, 310 p. ;
_c19 cm.
600 0 4 _aAlejandro
_bI,
_cEmperador de Rusia
_919701
700 1 _aGal'perin-Kaminskij, Il'â Danilovic,
_d1858-1936
_9127773
852 _aES-MaACL
_jF-4875
999 _c102519
_d102519